| 000 | 00580nam a2200217Ia 4500 | ||
|---|---|---|---|
| 003 | OSt | ||
| 005 | 20220928144551.0 | ||
| 006 | a|||||r|||| 00| 0 | ||
| 007 | ta | ||
| 008 | 220927b |||||||| |||| 00| 0 eng d | ||
| 024 | _a72053 | ||
| 037 | _cTextual | ||
| 040 |
_aSDCL _cSDCL _beng |
||
| 041 |
_2eng _aeng |
||
| 082 | _aO-,8J64:g, G8 | ||
| 100 |
_aCampbell Oscar James _9508380 |
||
| 245 | 0 | _aComicall satyre and Shakespeare's troilus and cressida. | |
| 260 | _c1938 | ||
| 942 |
_hO-,8J64:g, G8 _cTEXL _2CC |
||
| 999 |
_c828115 _d828115 |
||